| 000 | 00985cam a2200205 4500 | ||
|---|---|---|---|
| 001 | ABS67305 | ||
| 008 | 031211n2003 000 0 eng u | ||
| 035 | _a(Sirsi) u124609 | ||
| 100 | _aDodsworth, C. | ||
| 245 | _aUpdate on asbestos regs | ||
| 260 | _c2003 | ||
| 490 |
_aConstruction News _v (6841) 6 December 2003, 18(1) |
||
| 520 | _aReviews the position of contractors when the Control of Asbestos at Work Regulations 2002 Part IV makes the dutyholder of a building liable for the management of asbestos. Contractors may be regarded as the dutyholder in certain circumstances. They will still have to co-operate with the nominated dutyholder and assist in compliance with the regulations. Breaching them may result in criminal and/or civil liability. | ||
| 590 | _aABS | ||
| 650 | _aCONTROL OF ASBESTOS AT WORK REGULATIONS 2002 PART 4 | ||
| 650 | _aASBESTOS REGULATIONS | ||
| 650 | _aBUILDING CONTRACTORS | ||
| 690 | _aBUILT ENVIRONMENT-BUILDING STANDARDS | ||
| 942 | _n0 | ||
| 999 |
_c73953 _d73953 |
||